000 00643nam a2200205 i 4500
001 65928
003 ES-MaACL
005 20230906165515.0
007 t|
008 040123s1972 sp ||||1| spa d
100 1 _aFujita, Tsuneo.
_952988
245 1 0 _aAtlas de microscopia electrónica en medicina /
_cTsuneo Fujita, Junichi Tokunaga, Hajime Inoue ; versión Diego Ribas.
250 _a[1ª ed.].
260 _aBarcelona :
_bEspaxs,
_c1972.
300 _a142 p. :
_bil. ;
_c31 cm.
700 1 _aTokunaga, Junichi.
_9110434
700 1 _aInoue, Hajime.
_965335
700 1 _aRibas, Diego.
_996720
852 _aES-MaACL
_jC-43963
_bR.83706
999 _c65928
_d65928